000 00986nam a2200241 4500
005 20160627120224.0
008 160627b ck ad|||r|||| 00| 0 spa d
040 _aCO-BoIAVH
_cCO-BoIAVH
041 0 _aspa
044 _ack
082 0 4 _a354.34
_bA18i
245 0 0 _aAcumulación irregular de predios baldios en la altillanura colombiana /
_ceditado por Jaime Viana Saldarriaga
260 _aBogotá? :
_bContraloría General de la República,
_c[s.f.].
300 _a160 páginas :
_bilustraciones a color y tablas ;
_c21 x 26 cm.
504 _aIncluye referencias bibliográficas.
650 2 6 _aTierras abandonadas
_xAdministración
_zColombia
650 2 6 _aPolítica ambiental
_xbaldíos
_zColombia
650 2 6 _aPolítica agrícola
_xbaldíos
_zColombia
650 2 6 _aLegislación
_xbaldíos
_zColombia
700 1 _aViana Saldarriaga, Jaime
_eeditor
710 1 _aColombia
_bContraloría General de la República
942 _2ddc
_cLIBRO
999 _c18832
_d18832